000 01179nam a2200337 i 4500
001 198372
003 ES-MaACL
005 20260525182349.0
007 ta
008 260525s1958 sp ||||| |||| 001 0 spa d
040 _aES-MaACL
_bspa
_cES-MaACL
_erda
080 _a821.161.1.09
100 1 _4aut
_aCorbet, Charles
_eaut
_9243121
240 1 3 _aLa littérature russe.
_lEspañol
_9243120
245 1 3 _aLa literatura rusa /
_cCharles Corbet ; traducción castellana de Jesús García Tolsa
264 1 _aBarcelona :
_bVergara Editorial,
_c1958
300 _a230 páginas ;
_c18 cm
336 _2rdacontent
_aTexto
337 _2rdamedia
_asin mediación
338 _2rdacarrier
_avolumen
490 0 _aNuevos horizontes ;
_v17
500 _aRegistro provisional
500 _aFirma de J. Porto en la anteportada
504 _aBibliografía: páginas 223 (página sin numerar)-225. Índices
650 4 _aLiteratura rusa-
_xHistoria y crítica
_914663
700 1 _4trl
_aGarcía Tolsa, Jesús
_etrl
_955332
852 _aES-MaACL
_cDES
_jDB-199
_hDonación: J. Porto
_xEncuadernación cartoné
_zFirma de J. Porto
942 _cMONOGRAFIA
_n0
999 _c198372
_d198372